[Event "Frankfurt Ch 2011"]
[Site "Ffm-Kalbach, LAZ"]
[Date "2011.05.30"]
[Round "5.27"]
[White "Makilla, Tobias"]
[Black "Prenzler, Daniel"]
[Result "0-1"]
[WhiteElo "1937"]
[BlackElo "2197"]
[PlyCount "90"]
[EventDate "2011.??.??"]
[WhiteTeam "Sfr.1932 Kelkheim"]
[BlackTeam "SV Griesheim(DA)"]

1. e4 e5 2. Nf3 Nc6 3. Bc4 Nf6 4. Ng5 d5 5. exd5 Na5 6. Bb5+ c6 7. dxc6 bxc6 8.
Be2 h6 9. Nf3 e4 10. Ne5 Qd4 11. Ng4 Bxg4 12. Bxg4 Bc5 13. O-O e3 14. fxe3 Qxg4
15. Qxg4 Nxg4 16. Rf4 Nf6 17. b4 Bd6 18. Rxf6 gxf6 19. bxa5 Rb8 20. Ba3 Bxa3
21. Nxa3 Rb2 22. Rb1 Rxb1+ 23. Nxb1 Ke7 24. Na3 Rb8 25. Nc4 Rb4 26. d3 Rb1+ 27.
Kf2 Rc1 28. Kf3 Rxc2 29. a3 h5 30. h4 Ke6 31. g3 Rc3 32. Ke2 Kf5 33. Kd2 Rb3
34. Kc2 Rb8 35. Nd6+ Kg4 36. e4 Kxg3 37. Nf5+ Kg4 38. Kc3 Rb5 39. Kc4 Rxf5 40.
exf5 Kxh4 41. Kc5 Kg4 42. Kxc6 h4 43. d4 h3 44. d5 h2 45. d6 h1=Q+ 0-1

[Event "Frankfurt Ch 2011"]
[Site "Ffm-Kalbach, LAZ"]
[Date "2011.05.30"]
[Round "5.28"]
[White "Cors, Heinz-Friedrich"]
[Black "Drill, Frank"]
[Result "1/2-1/2"]
[WhiteElo "1945"]
[BlackElo "2141"]
[PlyCount "63"]
[EventDate "2011.??.??"]
[WhiteTeam "SV Schachforum Darmstadt 1994"]
[BlackTeam "Sfr.Neuberg"]

1. e4 c5 2. Nf3 g6 3. d4 cxd4 4. Nxd4 Bg7 5. Nc3 Nc6 6. Be3 Nf6 7. Be2 O-O 8.
O-O d5 9. exd5 Nxd5 10. Nxd5 Qxd5 11. Bf3 Qa5 12. Nxc6 bxc6 13. c3 Rb8 14. Qc1
c5 15. Re1 c4 16. Bd4 e5 17. b4 Qc7 18. Bc5 Rd8 19. Be2 Be6 20. Qe3 Rd7 21.
Red1 a6 22. a4 f5 23. Qg5 Rbd8 24. Rxd7 Rxd7 25. h4 Qc6 26. h5 Kf7 27. hxg6+
hxg6 28. Qh4 Bf6 29. Qh7+ Bg7 30. Qh4 Bf6 31. Qh7+ Bg7 32. Qh4 1/2-1/2

[Event "Frankfurt Ch 2011"]
[Site "Ffm-Kalbach, LAZ"]
[Date "2011.05.30"]
[Round "5.29"]
[White "Bagatsch, Thomas"]
[Black "Seickel, Ralf"]
[Result "1-0"]
[WhiteElo "2116"]
[BlackElo "1898"]
[PlyCount "88"]
[EventDate "2011.??.??"]
[WhiteTeam "SC Brett vor'm Kopp Ffm"]
[BlackTeam "vereinslos"]

1. e4 e6 2. c4 d5 3. cxd5 exd5 4. Qb3 dxe4 5. Bc4 Qe7 6. Nc3 Nf6 7. d4 Nbd7 8.
Bg5 c6 9. O-O-O h6 10. Bh4 g5 11. Bg3 Bg7 12. Nf3 b5 13. Bd3 Nc5 14. dxc5 Be6
15. Qa3 exf3 16. Bd6 Qb7 17. Qa5 fxg2 18. Rhe1 g1=Q 19. Rxg1 a6 20. Rge1 Kd7
21. Bf5 Nd5 22. Be5 Bxe5 23. Rxe5 Qc7 24. Qxc7+ Kxc7 25. Bxe6 fxe6 26. Rxe6
Nxc3 27. Re7+ Kb8 28. bxc3 Ra7 29. Re6 Rf7 30. Rd2 Kb7 31. Kd1 Rhf8 32. Ke1 Rf6
33. Rd7+ Kc8 34. Rdd6 Rxf2 35. Rxc6+ Kd7 36. Red6+ Ke7 37. Rc7+ Ke8 38. Rxa6
Rf1+ 39. Ke2 R1f2+ 40. Kd1 Rf1+ 41. Kc2 R8f2+ 42. Kb3 Rd1 43. Rh7 Rb1+ 44. Ka3
Rd1 1-0

[Event "Frankfurt Ch 2011"]
[Site "Ffm-Kalbach, LAZ"]
[Date "2011.05.30"]
[Round "5.30"]
[White "Krzesinski, Paul"]
[Black "Ochmann, Reimund"]
[Result "0-1"]
[WhiteElo "1832"]
[BlackElo "2097"]
[PlyCount "68"]
[EventDate "2011.??.??"]
[WhiteTeam "Frankfurter TV 1860"]
[BlackTeam "SK Langen"]

1. e4 e5 2. d4 exd4 3. Qxd4 Nc6 4. Qe3 Nf6 5. Nc3 Bb4 6. Bd2 O-O 7. O-O-O d6 8.
f4 Re8 9. Qg3 Nxe4 10. Nxe4 Rxe4 11. c3 Bc5 12. Bd3 Re8 13. h4 Qf6 14. Nh3 Bf5
15. Bc4 Rad8 16. Bd5 h6 17. Qf3 Qg6 18. Rdf1 Ne7 19. h5 Qh7 20. Bb3 d5 21. Rh2
Be4 22. Qd1 d4 23. Qe1 Nd5 24. cxd4 Bxd4 25. Qg3 Re6 26. Rf3 Rc6+ 27. Rc3 Nxc3
28. bxc3 Bxc3 29. Bxc3 Rd3 30. Qh4 Rcxc3+ 31. Kb2 Qf5 32. Nf2 Rxb3+ 33. axb3
Rd2+ 34. Kc1 Rc2+ 0-1

[Event "Frankfurt Ch 2011"]
[Site "Ffm-Kalbach, LAZ"]
[Date "2011.05.30"]
[Round "5.31"]
[White "Klyszcz, Michael"]
[Black "Goldt, Rainer"]
[Result "1-0"]
[WhiteElo "2064"]
[BlackElo "1993"]
[PlyCount "89"]
[EventDate "2011.??.??"]
[WhiteTeam "SG 1871 Löberitz"]
[BlackTeam "Kreuznacher SV 1921 e.V."]

1. e4 Nf6 2. e5 Nd5 3. d4 d6 4. exd6 exd6 5. Nf3 Bg4 6. Be2 Be7 7. O-O O-O 8.
c4 Nb6 9. Nc3 c6 10. Re1 d5 11. c5 Nc8 12. Bf4 Bf6 13. Qd2 Ne7 14. h3 Bxf3 15.
Bxf3 Nf5 16. Ne2 Nd7 17. Bg4 Nh4 18. Ng3 Ng6 19. Bd6 Re8 20. Rxe8+ Qxe8 21. Re1
Qd8 22. Nf5 Ndf8 23. Bxf8 Kxf8 24. Nd6 Qc7 25. g3 Be7 26. Nf5 Re8 27. Qe3 Qd8
28. Qa3 Bf6 29. Rxe8+ Qxe8 30. Qxa7 Qe1+ 31. Kg2 Kg8 32. Bf3 h5 33. Qxb7 Qe6
34. Nd6 Bxd4 35. Qxc6 Qe1 36. Qe8+ Qxe8 37. Nxe8 Kf8 38. Nc7 Bxc5 39. Nxd5 Ne5
40. Be2 g6 41. Bb5 f5 42. a4 Kf7 43. f4 Ke6 44. Nc7+ Kd6 45. Ne8+ 1-0

[Event "Frankfurt Ch 2011"]
[Site "Ffm-Kalbach, LAZ"]
[Date "2011.05.30"]
[Round "5.33"]
[White "Heidel, Andre Nicolas"]
[Black "Faqiry, Ramat"]
[Result "1-0"]
[WhiteElo "2170"]
[BlackElo "1977"]
[PlyCount "111"]
[EventDate "2011.??.??"]
[WhiteTeam "SC 1959 Obernau"]
[BlackTeam "SV Oberursel"]

1. d4 Nf6 2. c4 e6 3. Nf3 d5 4. g3 Be7 5. Bg2 O-O 6. b3 Nbd7 7. O-O c5 8. cxd5
exd5 9. Nc3 b6 10. Bf4 Bb7 11. Rc1 cxd4 12. Nxd4 Ba3 13. Rc2 a6 14. Nf5 Re8 15.
Nxd5 Nxd5 16. Bxd5 Bxd5 17. Qxd5 Nf6 18. Qf3 Qd7 19. g4 Rad8 20. h3 Qb5 21. Bg5
Qe5 22. Nh6+ Kf8 23. Bxf6 gxf6 24. Nf5 Bc5 25. e3 Rd5 26. Rc4 a5 27. Rd1 Red8
28. Rcc1 h5 29. Rxd5 Qxd5 30. Qxd5 Rxd5 31. Rc2 hxg4 32. hxg4 Ke8 33. Kg2 Kd7
34. Kf3 Rd1 35. Ke4 Ke6 36. f3 Kd7 37. Rh2 Ke6 38. Rh6 Bf8 39. Rh2 Bc5 40. Rc2
Kd7 41. Rg2 Ke6 42. Rh2 Kd7 43. Rh6 Be7 44. Nxe7 Kxe7 45. Rh5 Rd6 46. Rb5 Ke6
47. f4 Ke7 48. Kf5 Kd7 49. e4 Ke7 50. e5 fxe5 51. Rxe5+ Kd7 52. g5 Rd2 53. Kf6
Rxa2 54. Kxf7 Rb2 55. g6 Rxb3 56. g7 1-0

[Event "Frankfurt Ch 2011"]
[Site "Ffm-Kalbach, LAZ"]
[Date "2011.05.30"]
[Round "5.34"]
[White "Schmitt, Roland"]
[Black "Rüger, Erhard"]
[Result "0-1"]
[WhiteElo "1893"]
[BlackElo "2195"]
[PlyCount "88"]
[EventDate "2011.??.??"]
[WhiteTeam "SK Großsachsen"]
[BlackTeam "SC Brett vor'm Kopp Ffm"]

1. d4 Nf6 2. c4 e6 3. Nc3 c5 4. d5 exd5 5. cxd5 d6 6. e4 g6 7. f4 Bg7 8. e5
Nfd7 9. Nb5 dxe5 10. Nd6+ Ke7 11. Nxc8+ Qxc8 12. Nf3 Re8 13. fxe5 Nxe5 14. Bb5
Nbd7 15. O-O Kf8 16. Nxe5 Rxe5 17. Bf4 Re4 18. Qf3 f5 19. Rae1 Nf6 20. Bg5 Rxe1
21. Rxe1 Qc7 22. Re6 Ng4 23. d6 Bd4+ 24. Be3 Bxe3+ 25. Qxe3 Qxd6 26. Rxd6 Nxe3
27. Rd7 a6 28. Be2 b5 29. Rxh7 Re8 30. Rh8+ Kf7 31. Rxe8 Kxe8 32. Kf2 Nd5 33.
a4 Nc7 34. Ke3 Ke7 35. axb5 axb5 36. Bf3 Kd6 37. g3 Nd5+ 38. Kd3 c4+ 39. Kd4
Nb4 40. Bd1 Nc6+ 41. Ke3 Ke5 42. Be2 Nb4 43. Bf3 Nd5+ 44. Kd2 Kd4 0-1

[Event "Frankfurt Ch 2011"]
[Site "Ffm-Kalbach, LAZ"]
[Date "2011.05.30"]
[Round "5.35"]
[White "Engel, Berthold"]
[Black "Dörr, Tarik"]
[Result "1/2-1/2"]
[WhiteElo "2210"]
[BlackElo "1852"]
[PlyCount "65"]
[EventDate "2011.??.??"]
[WhiteTeam "SC Brett vor'm Kopp Ffm"]
[BlackTeam "SC Einrich"]

1. c4 e6 2. d4 f5 3. g3 Nf6 4. Bg2 d5 5. Nf3 c6 6. O-O Bd6 7. Qc2 O-O 8. b3 Qe7
9. Nc3 Nbd7 10. Bf4 Bxf4 11. gxf4 Ne4 12. e3 Kh8 13. Ne2 g5 14. fxg5 Nxg5 15.
Nxg5 Qxg5 16. f4 Qh6 17. Kh1 Nf6 18. Bf3 Bd7 19. Rg1 Rg8 20. Rg3 Rg6 21. Rag1
Rag8 22. Qc1 Qf8 23. c5 Ng4 24. R3g2 Qh6 25. Bxg4 Rxg4 26. Qf1 Be8 27. Nc1 R8g7
28. Nd3 Rxg2 29. Rxg2 Qh3 30. Ne5 Qxe3 31. Rxg7 Kxg7 32. Qg1+ Qxg1+ 33. Kxg1
1/2-1/2

[Event "Frankfurt Ch 2011"]
[Site "Ffm-Kalbach, LAZ"]
[Date "2011.05.30"]
[Round "5.36"]
[White "Gutacker, Stephan"]
[Black "Holzschuh, Gerald"]
[Result "1/2-1/2"]
[WhiteElo "1949"]
[BlackElo "2139"]
[PlyCount "50"]
[EventDate "2011.??.??"]
[WhiteTeam "Sfr.1932 Kelkheim"]
[BlackTeam "SC Bad Nauheim"]

1. e4 d6 2. d4 g6 3. Nc3 Bg7 4. Bc4 Nf6 5. Nf3 c6 6. a4 O-O 7. Bb3 Bg4 8. Be3
Nbd7 9. h3 Bxf3 10. Qxf3 e5 11. O-O Qe7 12. Rad1 b6 13. Qe2 Nh5 14. Qd2 Rad8
15. f4 exf4 16. Bxf4 Nxf4 17. Qxf4 Bf6 18. Ne2 Kh8 19. Rd3 Bg5 20. Qg4 h5 21.
Qg3 Bh4 22. Qf4 Bg5 23. Qg3 Bh4 24. Qf4 Bg5 25. Qg3 Bh4 1/2-1/2

[Event "Frankfurt Ch 2011"]
[Site "Ffm-Kalbach, LAZ"]
[Date "2011.05.30"]
[Round "5.37"]
[White "Hillgärtner, Walter"]
[Black "Noblé, Alexander"]
[Result "1/2-1/2"]
[WhiteElo "1931"]
[BlackElo "2045"]
[PlyCount "107"]
[EventDate "2011.??.??"]
[WhiteTeam "SC Bad Nauheim"]
[BlackTeam "SC Bad Nauheim"]

1. d4 d6 2. e4 Nf6 3. Nc3 c6 4. a4 Qa5 5. Bd3 e5 6. Nge2 b5 7. Bd2 b4 8. Na2 c5
9. c3 Qb6 10. dxc5 dxc5 11. cxb4 cxb4 12. Be3 Qe6 13. h3 Be7 14. O-O O-O 15.
Ng3 Rd8 16. Qe2 Rxd3 17. Qxd3 Ba6 18. Qd1 Bxf1 19. Qxf1 Nbd7 20. Qb5 a6 21. Qe2
Qc6 22. Nc1 Rc8 23. Nb3 Qe6 24. Nd2 g6 25. b3 Rc3 26. Rb1 Bc5 27. Ngf1 Bd4 28.
Bxd4 exd4 29. Ng3 Nc5 30. e5 Nd5 31. Nge4 Nf4 32. Qg4 Qxg4 33. hxg4 Nxe4 34.
Nxe4 d3 35. g3 Ne2+ 36. Kf1 Nd4 37. Nd2 Kf8 38. Ke1 Ke7 39. Kd1 Ke6 40. f4 Kd5
41. Rb2 Ne2 42. Nf3 h6 43. f5 Nxg3 44. e6 fxe6 45. fxg6 Ne4 46. g7 Rc8 47. Rh2
Rg8 48. Rh5+ Kd6 49. Ne5 Rxg7 50. Nxd3 Rxg4 51. Rxh6 Nc3+ 52. Kd2 Nd5 53. Rh8
Rg2+ 54. Kc1 1/2-1/2

[Event "Frankfurt Ch 2011"]
[Site "Ffm-Kalbach, LAZ"]
[Date "2011.05.30"]
[Round "5.38"]
[White "Richter, Tobias"]
[Black "Nagel, Norbert"]
[Result "1-0"]
[WhiteElo "2099"]
[BlackElo "1758"]
[PlyCount "55"]
[EventDate "2011.??.??"]
[WhiteTeam "SV Merseburg e. V."]
[BlackTeam "SC Bad Nauheim"]

1. e4 d5 2. exd5 Qxd5 3. Nf3 Nf6 4. c4 Qa5 5. Nc3 Bg4 6. b4 Qxb4 7. Rb1 Qa5 8.
Rxb7 c6 9. Be2 Bc8 10. Rb3 e6 11. Qc2 Nbd7 12. Nd4 Qc5 13. Nxc6 Qxc6 14. Bf3
Qxc4 15. d3 Qc7 16. Bxa8 Ba6 17. O-O Nc5 18. Na4 Ng4 19. g3 Qc8 20. Nxc5 Bxc5
21. Rc3 O-O 22. Bf3 Ne5 23. Be4 Nd7 24. Rd1 f5 25. Bg2 e5 26. Be3 Bxe3 27. Rxc8
Rxc8 28. Qb3+ 1-0

[Event "Frankfurt Ch 2011"]
[Site "Ffm-Kalbach, LAZ"]
[Date "2011.05.30"]
[Round "5.39"]
[White "Bötticher, Tim"]
[Black "Wagner, Dirk"]
[Result "0-1"]
[WhiteElo "2056"]
[BlackElo "2038"]
[PlyCount "42"]
[EventDate "2011.??.??"]
[WhiteTeam "Lübecker SV von 1873"]
[BlackTeam "Sfr. Frankfurt 1921"]

1. e4 e5 2. Nf3 Nc6 3. Bb5 a6 4. Bxc6 dxc6 5. d4 exd4 6. Qxd4 Qxd4 7. Nxd4 Bd7
8. Be3 O-O-O 9. Nc3 Ne7 10. O-O-O Ng6 11. f4 Bb4 12. Nde2 Rhe8 13. a3 Bf8 14.
h4 h5 15. f5 Ne5 16. Nf4 Ng4 17. Bd4 c5 18. Bg1 Nf6 19. Rf1 Nxe4 20. Nxe4 Rxe4
21. Nxh5 Bb5 0-1

[Event "Frankfurt Ch 2011"]
[Site "Ffm-Kalbach, LAZ"]
[Date "2011.05.30"]
[Round "5.40"]
[White "Genis, Roy"]
[Black "Gräbner, Walter"]
[Result "1/2-1/2"]
[WhiteElo "1935"]
[BlackElo "2053"]
[PlyCount "45"]
[EventDate "2011.??.??"]
[WhiteTeam "Sfr. Frankfurt 1921"]
[BlackTeam "SC 1961 König Nied"]

1. e4 c6 2. d4 d5 3. e5 c5 4. dxc5 e6 5. Be3 Nh6 6. Nf3 Nf5 7. Bg5 Qc7 8. Bd3
h6 9. Bd2 Bxc5 10. b4 Be7 11. Bxf5 exf5 12. Nc3 Be6 13. a3 O-O 14. O-O Nd7 15.
Qe2 Rfc8 16. Rfc1 Qc4 17. Qd3 a6 18. Na4 b5 19. Nb2 Qc7 20. Qe2 Nb6 21. c3 Nc4
22. Nxc4 dxc4 23. Nd4 1/2-1/2

[Event "Frankfurt Ch 2011"]
[Site "Ffm-Kalbach, LAZ"]
[Date "2011.05.30"]
[Round "5.41"]
[White "Plattner, Rolf"]
[Black "Tierling, Detlef"]
[Result "0-1"]
[WhiteElo "1919"]
[BlackElo "2036"]
[PlyCount "52"]
[EventDate "2011.??.??"]
[WhiteTeam "SK Langen"]
[BlackTeam "SV Griesheim(DA)"]

1. e4 b6 2. d4 Bb7 3. Bd3 d6 4. Nf3 Nd7 5. O-O e6 6. Re1 Be7 7. c4 g5 8. Nc3 g4
9. Nd2 h5 10. f4 c6 11. e5 dxe5 12. f5 exd4 13. fxe6 dxc3 14. exd7+ Qxd7 15.
Ne4 O-O-O 16. Qa4 f5 17. Nf2 Bc5 18. Be3 Bxe3 19. Rxe3 Nh6 20. Rae1 cxb2 21.
Qxa7 f4 22. Re7 Rhe8 23. Qa3 g3 24. hxg3 fxg3 25. Nh3 Rxe7 26. Qxe7 Qxe7 0-1

[Event "Frankfurt Ch 2011"]
[Site "Ffm-Kalbach, LAZ"]
[Date "2011.05.30"]
[Round "5.42"]
[White "Willems, Matthias"]
[Black "Bittner, Peter"]
[Result "1/2-1/2"]
[WhiteElo "2056"]
[BlackElo "1956"]
[PlyCount "120"]
[EventDate "2011.??.??"]
[WhiteTeam "SC Bad Nauheim"]
[BlackTeam "SC 1961 König Nied"]

1. d4 c6 2. c4 d5 3. Nf3 Nf6 4. e3 e6 5. Nbd2 Be7 6. b3 O-O 7. Bd3 Nbd7 8. Ne5
Bb4 9. Qf3 Bc3 10. Rb1 Nxe5 11. dxe5 Bxe5 12. g4 dxc4 13. Bxc4 Nd5 14. Ba3 Re8
15. Qe4 Bc3 16. Rd1 Qh4 17. Qf3 Nb4 18. Rc1 Bxd2+ 19. Kxd2 Rd8+ 20. Ke2 Nd5 21.
Rhd1 e5 22. h3 Be6 23. Bb2 e4 24. Qxe4 Qxh3 25. Rg1 Re8 26. Rg3 Qh6 27. Rh1 Qg6
28. Qxg6 fxg6 29. Bd3 Nf4+ 30. Kd2 Nxd3 31. Kxd3 Rad8+ 32. Ke2 Rd7 33. g5 Red8
34. Bc3 c5 35. e4 c4 36. b4 Rd3 37. Rhg1 Rxg3 38. Rxg3 b5 39. Bd2 a6 40. Rc3
Re8 41. Be3 Bd7 42. f3 Be6 43. Rc2 Rd8 44. Rd2 Rxd2+ 45. Kxd2 Kf7 46. Kc3 Ke7
47. Bd4 Bh3 48. f4 Ke6 49. Bxg7 Kd6 50. Kd4 Be6 51. a3 Bc8 52. Bf8+ Ke6 53. Bg7
Kd6 54. Be5+ Kc6 55. Ke3 Bg4 56. Bc3 Kd6 57. Kd4 Be6 58. Be1 Bg4 59. Bg3 Ke7
60. Ke5 c3 1/2-1/2

[Event "Frankfurt Ch 2011"]
[Site "Ffm-Kalbach, LAZ"]
[Date "2011.05.30"]
[Round "5.43"]
[White "Arnold, Michael"]
[Black "Hierling, Stefan"]
[Result "1/2-1/2"]
[WhiteElo "1846"]
[BlackElo "2054"]
[PlyCount "63"]
[EventDate "2011.??.??"]
[WhiteTeam "SK Langen"]
[BlackTeam "VSG 1880 Offenbach"]

1. d4 d5 2. Nf3 Nc6 3. e3 a6 4. c3 g6 5. Bd3 Bg7 6. Nbd2 Nf6 7. e4 dxe4 8. Nxe4
O-O 9. O-O Nxe4 10. Bxe4 Qd6 11. Re1 Re8 12. Be3 e6 13. Qd2 Ne7 14. Bh6 c6 15.
Bxg7 Kxg7 16. Ne5 f6 17. Ng4 Ng8 18. Bf3 Bd7 19. Rad1 Rad8 20. Ne3 Bc8 21. Nc4
Qc7 22. Qe2 Nh6 23. g3 Nf7 24. Bg2 c5 25. dxc5 Qxc5 26. Ne3 Qb6 27. Qc2 Bd7 28.
Rd2 Bb5 29. Red1 Rxd2 30. Rxd2 Rd8 31. Rxd8 Nxd8 32. Qd2 1/2-1/2

[Event "Frankfurt Ch 2011"]
[Site "Ffm-Kalbach, LAZ"]
[Date "2011.05.30"]
[Round "5.44"]
[White "Calvi, Stefan"]
[Black "Koch, Thomas"]
[Result "1/2-1/2"]
[WhiteElo "1993"]
[BlackElo "1938"]
[PlyCount "74"]
[EventDate "2011.??.??"]
[WhiteTeam "Sfr. Frankfurt 1921"]
[BlackTeam "SV 1934 Ffm-Griesheim"]

1. e4 e6 2. Nf3 d5 3. e5 c5 4. b4 cxb4 5. a3 Nc6 6. axb4 a6 7. b5 Nce7 8. d4
Qb6 9. Ba3 Ng6 10. Bxf8 Nxf8 11. Bd3 Bd7 12. bxa6 bxa6 13. O-O Ne7 14. Nbd2
Nfg6 15. g3 O-O 16. Qe2 Bb5 17. Rfb1 Rab8 18. Bxb5 axb5 19. Nb3 Ra8 20. Nc5
Rxa1 21. Rxa1 Rd8 22. Ra6 Qb8 23. Ra5 b4 24. Rb5 Qa7 25. Kg2 Rb8 26. Rxb8+ Qxb8
27. Qa6 h6 28. Nd2 Qc7 29. Ndb3 Nc6 30. Nb7 Nge7 31. Nd6 Qa7 32. Qd3 Nf5 33.
Nb5 Qe7 34. f4 g5 35. Qd2 gxf4 36. Qxf4 Qg5 37. Qxg5+ hxg5 1/2-1/2

[Event "Frankfurt Ch 2011"]
[Site "Ffm-Kalbach, LAZ"]
[Date "2011.05.30"]
[Round "5.45"]
[White "Kulenovic, Adnan"]
[Black "Cipca, Adrian"]
[Result "0-1"]
[WhiteElo "1799"]
[BlackElo "1888"]
[PlyCount "120"]
[EventDate "2011.??.??"]
[WhiteTeam "SK Springer Rodenbach"]
[BlackTeam "SK Bad Homburg 1927"]

1. d4 d5 2. e4 dxe4 3. Nc3 Nf6 4. f3 exf3 5. Nxf3 Bg4 6. Bc4 e6 7. O-O Be7 8.
Be3 c6 9. Qe1 O-O 10. h3 Bf5 11. Qf2 Nbd7 12. Rad1 Qc7 13. Bd3 Bxd3 14. Rxd3 b5
15. Ng5 b4 16. Ne2 h6 17. Bf4 Qb6 18. h4 Ng4 19. Qg3 Ndf6 20. Nf3 h5 21. Ne5 c5
22. Nxg4 Nxg4 23. Kh1 cxd4 24. Nxd4 Bc5 25. c3 Rac8 26. Rd2 Rfd8 27. Qf3 Rd7
28. Bg3 bxc3 29. bxc3 Qb7 30. Qe2 Rcd8 31. Rb2 Bb6 32. Rb5 Rd5 33. Qf3 R8d7 34.
Rb4 Qc8 35. Ne2 Rf5 36. Rf4 Rdd5 37. c4 Rxf4 38. Qxf4 Rf5 39. Qc1 Qxc4 40. Rxf5
Qxc1+ 41. Nxc1 exf5 42. Nd3 Kf8 43. Nf4 g6 44. Nd5 Bc5 45. Bb8 Ne3 46. Nc3 Ke7
47. Bf4 Ke6 48. Nb5 Kd5 49. Bb8 a5 50. a4 Nc4 51. Bc7 Bb6 52. Bg3 Nb2 53. Nc3+
Kc4 54. Be5 Bd4 55. Bxd4 Kxd4 56. Nb5+ Kc5 57. Nc3 Kb4 58. Nb1 Nxa4 59. Kh2 Nc3
60. Nd2 a4 0-1

[Event "Frankfurt Ch 2011"]
[Site "Ffm-Kalbach, LAZ"]
[Date "2011.05.30"]
[Round "5.46"]
[White "Thomele, Michael"]
[Black "Weber, Axel"]
[Result "1-0"]
[WhiteElo "1905"]
[BlackElo "1452"]
[PlyCount "81"]
[EventDate "2011.??.??"]
[WhiteTeam "SC 1959 Obernau"]
[BlackTeam "Sfr. Frankfurt 1921"]

1. e4 e6 2. Nf3 d5 3. exd5 exd5 4. d4 Nf6 5. Bd3 Bd6 6. Bg5 h6 7. Bh4 O-O 8.
O-O Re8 9. Nbd2 c6 10. Re1 Be6 11. Ne5 Be7 12. f4 Qb6 13. Ndf3 Nbd7 14. Kh1 Bg4
15. Nxd7 Bxd7 16. Ne5 Qc7 17. Bxf6 Bxf6 18. Qh5 Bxe5 19. dxe5 c5 20. c3 Re7 21.
Re3 Rae8 22. Rg3 Qb6 23. Rf1 Re6 24. Qg4 g6 25. Qh4 Kg7 26. f5 Rxe5 27. fxg6 f6
28. Rgf3 Rf8 29. h3 Rg5 30. Re1 Qd6 31. Qf2 f5 32. Rfe3 Rxg6 33. Re7+ Kg8 34.
b4 b6 35. Qf3 d4 36. Bc4+ Kh8 37. b5 a6 38. a4 axb5 39. axb5 Bc8 40. Qa8 Qd8
41. Qa7 1-0

[Event "Frankfurt Ch 2011"]
[Site "Ffm-Kalbach, LAZ"]
[Date "2011.05.30"]
[Round "5.47"]
[White "Rauscher, Joachim"]
[Black "Geringer, Waldemar"]
[Result "0-1"]
[WhiteElo "1525"]
[BlackElo "1956"]
[PlyCount "66"]
[EventDate "2011.??.??"]
[WhiteTeam "SC Brett vor'm Kopp Ffm"]
[BlackTeam "SG Rödermark/Eppertshausen"]

1. e4 c5 2. Nf3 d6 3. d4 cxd4 4. Nxd4 Nf6 5. Nc3 a6 6. Bg5 e6 7. f4 Nbd7 8. Qf3
Be7 9. O-O-O Qc7 10. g4 b5 11. Bg2 Bb7 12. Bxf6 Nxf6 13. Rhe1 h6 14. h4 Rc8 15.
Rd2 Qa5 16. Nb3 Qb6 17. Qe2 b4 18. Nd1 a5 19. e5 Nd5 20. Bxd5 Bxd5 21. exd6
Bxh4 22. Rxd5 Kd7 23. Rh5 Bxe1 24. Qxe1 a4 25. Na1 b3 26. Ne3 bxa2 27. Qe2 Rb8
28. Nc4 Qg1+ 29. Kd2 f6 30. Qe3 Qxe3+ 31. Kxe3 Rhc8 32. b3 Rxc4 33. bxc4 Rb1
0-1

[Event "Frankfurt Ch 2011"]
[Site "Ffm-Kalbach, LAZ"]
[Date "2011.05.30"]
[Round "5.48"]
[White "Schellen, Sven"]
[Black "Syed, Tareq"]
[Result "1/2-1/2"]
[WhiteElo "1745"]
[BlackElo "2112"]
[PlyCount "58"]
[EventDate "2011.??.??"]
[WhiteTeam "Sfr. Frankfurt 1921"]
[BlackTeam "SC Brett vor'm Kopp Ffm"]

1. d4 c6 2. c4 d6 3. Nc3 Nd7 4. e4 e5 5. Nf3 Ngf6 6. Be2 Be7 7. O-O O-O 8. b3
Re8 9. Qc2 Qc7 10. Bb2 Nf8 11. Rad1 Ng6 12. c5 exd4 13. cxd6 Bxd6 14. Rxd4 Ne5
15. Nh4 Bc5 16. Rd2 Neg4 17. Bxg4 Nxg4 18. Nf3 Bd6 19. h3 Ne5 20. Nd4 Ng6 21.
Nde2 Be5 22. Rfd1 Nh4 23. Qd3 Ng6 24. Ba3 Qa5 25. Qd8 Qxd8 26. Rxd8 Be6 27.
Rxa8 Rxa8 28. Bc1 Bc7 29. f4 Nf8 1/2-1/2

[Event "Frankfurt Ch 2011"]
[Site "Ffm-Kalbach, LAZ"]
[Date "2011.05.30"]
[Round "5.49"]
[White "Hilbenz, Guntram"]
[Black "Imelmann, Esther"]
[Result "1-0"]
[WhiteElo "1919"]
[BlackElo "1790"]
[PlyCount "91"]
[EventDate "2011.??.??"]
[WhiteTeam "SC Bad Nauheim"]
[BlackTeam "SV Mainz-Mombach"]

1. Nf3 d5 2. c4 e6 3. g3 Nf6 4. Bg2 Bd6 5. O-O O-O 6. b3 Qe7 7. Bb2 c6 8. d3
Re8 9. Nbd2 e5 10. e4 d4 11. Qc2 c5 12. h3 Nc6 13. Rae1 Bd7 14. Kh2 h6 15. Bc1
Nh7 16. Nh4 Qf6 17. Bf3 Ng5 18. Bg4 Bxg4 19. hxg4 Ne7 20. Nf5 Nxf5 21. gxf5 Bc7
22. Kg2 Ba5 23. Re2 Bc7 24. f4 exf4 25. gxf4 Nxe4 26. Nxe4 Qxf5 27. Rf3 b6 28.
Qd1 Re6 29. Qh1 Rae8 30. Kf2 Kh8 31. Qh3 Qxh3 32. Rxh3 Bd8 33. f5 Rc6 34. Kf3
a6 35. Rg2 Bf6 36. Rhg3 Be5 37. Bf4 Bxf4 38. Kxf4 g5+ 39. fxg6 fxg6 40. Rxg6
Rxg6 41. Rxg6 Rb8 42. Rxh6+ Kg7 43. Rc6 b5 44. Nxc5 bxc4 45. bxc4 a5 46. Ra6
1-0

[Event "Frankfurt Ch 2011"]
[Site "Ffm-Kalbach, LAZ"]
[Date "2011.05.30"]
[Round "5.50"]
[White "Frank, Andreas"]
[Black "Krischak, Werner"]
[Result "1-0"]
[WhiteElo "1833"]
[BlackElo "1822"]
[PlyCount "63"]
[EventDate "2011.??.??"]
[WhiteTeam "Biebertaler SF"]
[BlackTeam "SK Marburg 1931/72"]

1. e4 c6 2. d4 d5 3. Nc3 dxe4 4. Nxe4 Bf5 5. Ng3 Bg6 6. h4 h6 7. h5 Bh7 8. Nf3
Nf6 9. Bd3 Bxd3 10. Qxd3 e6 11. Ne5 Nbd7 12. f4 Qb6 13. Bd2 c5 14. Nxd7 Nxd7
15. d5 Be7 16. Bc3 c4 17. Qxc4 Qe3+ 18. Ne2 exd5 19. Qxd5 Nb6 20. Qb5+ Kf8 21.
Bd4 Qe6 22. Rh3 Rd8 23. Re3 Qd5 24. Qd3 f6 25. Re4 Nc4 26. O-O-O Qb5 27. g4 Qa6
28. Nc3 Kf7 29. Rxe7+ Kxe7 30. Bc5+ Nd6 31. Qxa6 bxa6 32. Ne4 1-0

[Event "Frankfurt Ch 2011"]
[Site "Ffm-Kalbach, LAZ"]
[Date "2011.05.30"]
[Round "5.51"]
[White "Reichel, Rolf"]
[Black "Neumann, Manfred"]
[Result "1/2-1/2"]
[WhiteElo "1991"]
[BlackElo "1768"]
[PlyCount "39"]
[EventDate "2011.??.??"]
[WhiteTeam "Niederräder TG"]
[BlackTeam "SC 1961 König Nied"]

1. e4 c5 2. Nc3 Nc6 3. Nf3 d6 4. Be2 Nf6 5. d4 cxd4 6. Nxd4 e6 7. Bg5 Be7 8.
Qd2 O-O 9. O-O-O Nxd4 10. Qxd4 Qa5 11. Qe3 Rd8 12. f4 Bd7 13. Bxf6 Bxf6 14.
Rxd6 Be7 15. Rd3 Rac8 16. Rhd1 Qc7 17. Qd2 Be8 18. Rxd8 Rxd8 19. Bd3 b5 20. e5
1/2-1/2

[Event "Frankfurt Ch 2011"]
[Site "Ffm-Kalbach, LAZ"]
[Date "2011.05.30"]
[Round "5.52"]
[White "Kraus, Eduard"]
[Black "Lehmann, Gerit"]
[Result "1-0"]
[WhiteElo "1893"]
[BlackElo "1471"]
[PlyCount "99"]
[EventDate "2011.??.??"]
[WhiteTeam "SV Bergwinkel"]
[BlackTeam "Sfr. Frankfurt 1921"]

1. Nf3 Nf6 2. d4 d5 3. c4 e6 4. Nc3 c6 5. Bg5 Be7 6. e3 O-O 7. Rc1 Nbd7 8. Bd3
dxc4 9. Bxc4 Nd5 10. Bxe7 Qxe7 11. O-O Nxc3 12. Rxc3 Nf6 13. Ne5 Nd7 14. f4 f5
15. Qb3 Nxe5 16. dxe5 b5 17. Be2 Bb7 18. Rd1 Rfd8 19. Rcd3 Rxd3 20. Qxd3 Re8
21. Bf3 a6 22. Qd6 Qxd6 23. Rxd6 Kf7 24. Kf2 Re7 25. Bxc6 Bxc6 26. Rxc6 Ra7 27.
Ke2 Ke7 28. Kd3 Rd7+ 29. Kc3 a5 30. a3 Rd1 31. Rc7+ Rd7 32. Rc5 Rb7 33. b3 Kd7
34. Kd4 Rb6 35. e4 fxe4 36. Kxe4 Rb7 37. g4 g6 38. f5 gxf5+ 39. gxf5 exf5+ 40.
Kxf5 Rb6 41. h4 h6 42. h5 Rb7 43. Kf6 Rb6+ 44. Kf7 Rb7 45. Rc2 Kd8+ 46. Kf6
Rb6+ 47. e6 Rd6 48. Kf7 Rd7+ 49. exd7 Kxd7 50. Rc5 1-0